The Offices of the Roman Republic - Statistics

General Stats
  • This quiz has been taken 31 times
  • The average score is 6 of 14
Answer Stats
Position Requirements Clues % Correct
Consul Aged 42 Highest regular magistracy with imperium.
96%
Dictator None Emergency magistrate with absolute authority for up to six months.
81%
Praetor Aged 39 Judicial authority and military command.
81%
Proconsul Aged 42 (former consul) Former consul governing a province with imperium
58%
Censor Aged 42 (former consul) Census, Senate membership, and moral oversight.
50%
Quaestor Aged 30 Financial administration and entry to the Senate.
50%
Propraetor Aged 39 (former praetor) Former praetor governing a province with imperium
46%
Tribune of the Plebs Aged 30 Veto power and protection of plebeians
35%
Plebeian Aedile Aged 36 Public works and plebeian administration.
19%
Plebeian Aedile Aged 36 Assisted tribunes and managed plebeian records
19%
Magister Equitum None Deputy to the dictator and commander of cavalry.
15%
Curule Aedile Aged 36 Public buildings, markets, and games.
12%
Legatus None Deputy military or provincial commander
12%
Military Tribune Aged 18 Junior officer in a Roman legion
12%
No matching quizzes found
Score Distribution
Percent of People with Each Score
Percentile by Number Answered
Your Score History
You have not taken this quiz